00371nam a22001457a 450000500170000000800410001702000150005804100120007308200120008510000120009724500190010926000470012830000250017565000250020020240822144531.0240822b |||||||| |||| 00| 0 eng d a0702130478 aEnglish a349 ACT lEnglish aActa Juridica  aCape Town: bJuta and Company Ltd, c1993  b277 pages; c25 cm.  aLegal practice bLaw